000 006360000a22002050004500
003 LK-CoMWRAF
008 230817t1988 ||||| |||| 00| 0 eng d
020 _a9555920060
040 _aLK-CoMWRAF
_dLK-CoMWRAF
_eLK-CoMWRAF
041 _aeng
082 _a321
_bPOL
111 _aNATIONAL WORKSHOP ON POLITICAL CULTURE IN SRI LANKA
_c(Colombo
_d25 July 1987)
245 _aPolitical Culture in Sri Lanka
260 _aColombo:
_b Sri Lanka Foundation Institute,
_c1988
300 _a102 p. ; 26 cm.
650 _aPOLITICAL CULTURE--Sri Lanka--Congresses
700 _aDe Silva, C.R
_eed.
700 _aWesumperuma, D.
_eed.
942 _cCP
999 _c308
_d308